000
00157nam a22000857a 4500
999
_c
58107
_d
58104
082
_a
500.1HAQ
100
_a
Haque
245
_a
Will you not think
942
_c
BK